| 000 | 00440nam a2200157Ia 4500 | ||
|---|---|---|---|
| 003 | SGT | ||
| 082 |
_a540 _bJAI |
||
| 100 | _aJain,P.C | ||
| 245 | _aEngineering chemistry | ||
| 260 |
_bDhanpat Rai Publishing Company _aNew Delhi _c2009 |
||
| 300 | _a300p. | ||
| 650 | _aENGINEERING CHEMISTRY | ||
| 653 | _aDERIVATION OF PHASE RULE,SODIUM SULPHATE-WATER SYSTEM,INTRODUCTION TYPES OF CATALYSIS | ||
| 700 | _aJain,Monika | ||
| 942 |
_2ddc _cBK _03 |
||
| 999 |
_c4937 _d4937 |
||